[Event "Sachsen-Anhalt Verbandsliga 1920"]
[Site "Sachsen Anhalt"]
[Date "2020.01.19"]
[Round "5.4"]
[White "Matthey, Harald"]
[Black "Hoffmann, Lennard"]
[Result "1-0"]
[WhiteElo "1995"]
[BlackElo "2018"]
[PlyCount "63"]
[EventDate "2019.09.29"]
[EventType "team-tourn"]
[EventRounds "9"]
[EventCountry "GER"]
[SourceTitle "EXT 2023"]
[Source "ChessBase"]
[SourceDate "2022.10.05"]
[SourceVersion "1"]
[SourceVersionDate "2022.10.05"]
[SourceQuality "1"]
[WhiteTeam "Dessau"]
[BlackTeam "Merseburg"]
[WhiteTeamCountry "GER"]
[BlackTeamCountry "GER"]

1. e4 c5 2. Nc3 Nc6 3. Bb5 d6 4. Nf3 Bd7 5. 0-0 Nf6 6. Re1 e6 7. b3 Be7 8. Bb2 0-0 9. d4 cxd4 10. Nxd4 a6 11. Nxc6 bxc6 12. Bd3 e5 13. Qe2 Bg4 14. f3 Be6 15. Na4 a5 16. Rad1 Nh5 17. g3 g6 18. Bc4 Bxc4 19. bxc4 Qc7 20. Kg2 Rab8 21. Ba3 Ng7 22. Rd3 f5 23. c5 dxc5 24. Nxc5 Rbd8 25. exf5 Rxf5 26. Rxd8+ Qxd8 27. Rd1 Qc8 28. Qc4+ Kh8 29. Bb2 Qb8 30. Nd3 c5 31. g4 Rg5 32. Bc1 1-0

[Event "GER-ch U16"]
[Site "Willingen"]
[Date "2018.05.25"]
[Round "8"]
[White "Wong, Gengchun"]
[Black "Hoffmann, Lennard"]
[Result "1-0"]
[WhiteElo "2142"]
[BlackElo "2060"]
[PlyCount "63"]
[EventDate "2018.05.19"]
[EventType "swiss"]
[EventRounds "9"]
[EventCountry "GER"]
[SourceTitle "CBM 184 Extra"]
[Source "ChessBase"]
[SourceDate "2018.06.28"]
[SourceVersion "1"]
[SourceVersionDate "2018.06.28"]
[SourceQuality "1"]

1. e4 c5 2. Nf3 d6 3. d4 cxd4 4. Nxd4 Nf6 5. Nc3 a6 6. Bg5 e6 7. f4 h6 8. Bh4 Be7 9. Qf3 Qc7 10. 0-0-0 Nbd7 11. Be2 0-0 12. g4 b5 13. g5 hxg5 14. Bxg5 b4 15. Nd5 Nxd5 16. exd5 Bxg5 17. dxe6 Nb6 18. fxg5 Bb7 19. Qh3 Bxh1 20. Rxh1 Qc5 21. Rd1 Qxg5+ 22. Kb1 Qh6 23. Qg3 fxe6 24. Qxd6 e5 25. Ne6 Rf2 26. Qxb6 Rxe2 27. Qc6 Kh7 28. h4 Rd8 29. Rg1 Qxh4 30. Qh1 Rh2 31. Qb7 Qh6 32. Nxd8 1-0

[Event "Sachsen-Anhalt Verbandsliga 2017/18"]
[Site "Sachsen Anhalt"]
[Date "2018.02.04"]
[Round "5.1"]
[White "Hoffmann, Lennard"]
[Black "Kuchynka, Lukas"]
[Result "1-0"]
[WhiteElo "2041"]
[BlackElo "2286"]
[PlyCount "59"]
[EventDate "2017.12.22"]
[EventType "team-tourn"]
[EventRounds "9"]
[EventCountry "GER"]
[SourceTitle "EXT 2020"]
[Source "ChessBase"]
[SourceDate "2019.10.17"]
[SourceVersion "1"]
[SourceVersionDate "2019.10.17"]
[SourceQuality "1"]
[WhiteTeam "Merseburg"]
[BlackTeam "Magdeburg Rochade"]
[WhiteTeamCountry "GER"]
[BlackTeamCountry "GER"]

1. e4 b6 2. d4 Bb7 3. Bd3 Nf6 4. Qe2 Nc6 5. c3 e5 6. Nf3 exd4 7. 0-0 Qe7 8. cxd4 Nb4 9. Nc3 0-0-0 10. Bb1 Ba6 11. Qd1 Kb8 12. a3 Nc6 13. Bd3 Bb7 14. Bf4 d6 15. Rc1 Nh5 16. Nd5 Qd7 17. Bg5 f6 18. Be3 Rc8 19. Bb5 a6 20. Bd3 Ne7 21. Nxe7 Bxe7 22. Qe2 Ka7 23. d5 g5 24. Nd4 Nf4 25. Bxf4 gxf4 26. Nc6+ Ka8 27. Bxa6 Rcg8 28. f3 Rg7 29. Rc4 Rhg8 30. Bb5 1-0

[Event "GER-chT U16"]
[Site "Walldorf"]
[Date "2017.12.29"]
[Round "5.4"]
[White "Seref, Erdogan"]
[Black "Hoffmann, Lennard"]
[Result "0-1"]
[WhiteElo "1828"]
[BlackElo "1966"]
[PlyCount "82"]
[EventDate "2017.12.26"]
[EventType "team-swiss"]
[EventRounds "7"]
[EventCountry "GER"]
[SourceTitle "CBM 182 Extra"]
[Source "ChessBase"]
[SourceDate "2018.02.23"]
[SourceVersion "1"]
[SourceVersionDate "2018.02.23"]
[SourceQuality "1"]
[WhiteTeam "Brackel"]
[BlackTeam "Magdeburg Aufbau Elbe"]
[WhiteTeamCountry "GER"]
[BlackTeamCountry "GER"]

1. e4 c5 2. c3 g6 3. d4 cxd4 4. Nf3 Bg7 5. Bc4 d6 6. cxd4 Nf6 7. Nc3 0-0 8. h3 Qc7 9. Bb3 Nc6 10. 0-0 Rd8 11. Qe2 b6 12. e5 dxe5 13. dxe5 Ne8 14. e6 f6 15. Nd5 Qb7 16. Bf4 Na5 17. Nc3 Nxb3 18. axb3 Nc7 19. Bxc7 Qxc7 20. Nb5 Qb8 21. Rac1 Ba6 22. Qc4 Bh6 23. Rc3 Qf4 24. Qa4 Bb7 25. Nc7 Rac8 26. Qd7 Rxd7 27. exd7 Rd8 28. Ne6 Qb8 29. Nxd8 Qxd8 30. Rd1 Bf4 31. Re3 Bxe3 32. fxe3 Bxf3 33. gxf3 Kf7 34. Kf2 e6 35. e4 Ke7 36. Ke3 b5 37. e5 Qb6+ 38. Ke4 f5+ 39. Kf4 Kd8 40. Rd3 h6 41. Rd1 Qf2 0-1

[Event "Vellmar op 9th"]
[Site "Vellmar"]
[Date "2017.07.15"]
[Round "5"]
[White "Wehr, Alexander"]
[Black "Hoffmann, Lennard"]
[Result "0-1"]
[WhiteElo "1785"]
[BlackElo "1990"]
[PlyCount "42"]
[EventDate "2017.07.13"]
[EventType "swiss"]
[EventRounds "7"]
[EventCountry "GER"]
[SourceTitle "CBM 179 Extra"]
[Source "ChessBase"]
[SourceDate "2017.08.23"]
[SourceVersion "1"]
[SourceVersionDate "2017.08.23"]
[SourceQuality "1"]

1. c4 f5 2. Nc3 Nf6 3. g3 g6 4. Bg2 Bg7 5. e3 0-0 6. Nge2 c6 7. 0-0 Na6 8. d4 d5 9. cxd5 cxd5 10. Nf4 Nc7 11. Qb3 e6 12. Bd2 Nce8 13. Na4 Nd6 14. Bb4 Re8 15. Bxd6 Qxd6 16. Nd3 Ne4 17. Rfd1 b6 18. f3 Ng5 19. h4 Nxf3+ 20. Kf2 Nh2 21. Nf4 Ba6 0-1

[Event "GER-ch U14"]
[Site "Willingen"]
[Date "2016.05.21"]
[Round "9"]
[White "Holinka, Henning"]
[Black "Hoffmann, Lennard"]
[Result "1-0"]
[WhiteElo "1976"]
[BlackElo "1869"]
[PlyCount "77"]
[EventDate "2016.05.15"]
[EventType "swiss"]
[EventRounds "9"]
[EventCountry "GER"]
[SourceTitle "CBM 172 Extra"]
[Source "ChessBase"]
[SourceDate "2016.06.21"]
[SourceVersion "1"]
[SourceVersionDate "2016.06.21"]
[SourceQuality "1"]

1. d4 Nf6 2. Nc3 d5 3. Bf4 c5 4. e3 cxd4 5. exd4 a6 6. Nf3 Nc6 7. h3 e6 8. Be2 Be7 9. 0-0 0-0 10. a3 Re8 11. Ne5 Nxe5 12. Bxe5 Nd7 13. Bg3 Bf6 14. f4 Qb6 15. Bf2 Qd6 16. Qd2 b5 17. Nd1 Bb7 18. Be3 Nb6 19. b3 Qc6 20. Nf2 Nc8 21. Nd3 Nd6 22. Nc5 Ne4 23. Nxe4 dxe4 24. c4 Rad8 25. Rfd1 Bxd4 26. cxb5 axb5 27. Bxd4 e3 28. Bxb5 Qxb5 29. Qxe3 Rd5 30. Qg3 g6 31. Qh4 Red8 32. f5 Qe2 33. fxg6 fxg6 34. Re1 Qc2 35. Bf2 Rf8 36. Rac1 Qb2 37. Rc7 Rh5 38. Qd4 Rxf2 39. Qxf2 1-0

[Event "GER-ch U14"]
[Site "Willingen"]
[Date "2015.05.24"]
[Round "1"]
[White "Holinka, Henning"]
[Black "Hoffmann, Lennard"]
[Result "1-0"]
[WhiteElo "1924"]
[BlackElo "1723"]
[PlyCount "99"]
[EventDate "2015.05.24"]
[EventType "swiss"]
[EventRounds "9"]
[EventCountry "GER"]
[SourceTitle "CBM 166 Extra"]
[Source "ChessBase"]
[SourceDate "2015.06.18"]
[SourceVersion "1"]
[SourceVersionDate "2015.06.18"]
[SourceQuality "1"]

1. d4 d5 2. Nf3 Nf6 3. Nbd2 Bf5 4. Nh4 e6 5. Nxf5 exf5 6. e3 Bd6 7. Bd3 Ne4 8. c4 Qh4 9. Qf3 Nc6 10. cxd5 Nb4 11. Bb1 Ng5 12. Qe2 0-0 13. Nf3 Nxf3+ 14. Qxf3 Rfe8 15. a3 Na6 16. Qxf5 g6 17. Qd3 f5 18. g3 Qh3 19. Qf1 Qg4 20. Qe2 Qh3 21. Qf3 Re7 22. Bd3 Nb8 23. Bd2 Nd7 24. Bf1 Qh6 25. 0-0-0 Qg7 26. h3 Rf7 27. Bc4 a6 28. Qg2 b5 29. Bb3 a5 30. f3 Qf8 31. Kc2 a4 32. Ba2 Nb6 33. Kb1 Rb8 34. Rhe1 Nc4 35. Bxc4 bxc4 36. Ka2 Rb3 37. Bc1 c3 38. bxc3 Bxa3 39. Qc2 Bd6 40. f4 Qa8 41. c4 Bb4 42. Rd3 Rf8 43. Bb2 Rb8 44. g4 Qa6 45. gxf5 Rxd3 46. Qxd3 a3 47. Ba1 gxf5 48. Rg1+ Kh8 49. d6 h5 50. d5+ 1-0

[Event "GER-chT U20"]
[Site "Naumburg Saale"]
[Date "2014.12.29"]
[Round "6.5"]
[White "Abrahamyan, Arsen"]
[Black "Hoffmann, Lennard"]
[Result "1-0"]
[WhiteElo "1694"]
[BlackElo "1618"]
[PlyCount "57"]
[EventDate "2014.12.27"]
[EventType "team-swiss"]
[EventRounds "7"]
[EventCountry "GER"]
[SourceTitle "EXT 2016"]
[Source "ChessBase"]
[SourceDate "2015.10.08"]
[SourceVersion "1"]
[SourceVersionDate "2015.10.08"]
[SourceQuality "1"]
[WhiteTeam "Frankfurt TV"]
[BlackTeam "Merseburg"]
[WhiteTeamCountry "GER"]
[BlackTeamCountry "GER"]

1. e4 c5 2. Nc3 d6 3. f4 Nc6 4. Nf3 g6 5. Bb5 Bg7 6. 0-0 e6 7. d3 Nge7 8. Qe1 0-0 9. Bd2 Bd7 10. Kh1 a6 11. Bxc6 Bxc6 12. e5 d5 13. d4 cxd4 14. Nxd4 Bd7 15. Nce2 f6 16. exf6 Bxf6 17. Bc3 Rc8 18. Ba5 b6 19. Bb4 Re8 20. Bd6 Nc6 21. c3 b5 22. Nxc6 Bxc6 23. Be5 Bxe5 24. fxe5 b4 25. Nd4 bxc3 26. bxc3 Qa5 27. Qf2 Qc7 28. Rab1 Rf8 29. Qxf8+ 1-0